000 00832nam a22002057a 4500
005 20100726115218.0
010 _aENG-96568
020 _a9788120338999
_c695.00
035 _aEN-81101
037 _bDBAD/PUB
082 _a005.2768076
100 _aStoecker, Matthew A.
_94505
245 _aMCTS self-paced training kit (exam 70-505) :
_cby Matthew A. Stoecker
_bMicrosoft. NET framework 3.5-Windows form application development /
260 _aNew Delhi
_bPHI Learning
_c2009
270 _aM-97, Connought Circus
_bNew Delhi
_e110001
300 _axxv,783p.
_c23cm (Hb)
_e1 CD-ROM
500 _aIncludes index
942 _2ddc
_cEN
_h005.2768076
_mSTO
999 _c37654
_d37654